Państwa o najkrótszej nazwie - Statystyki

Ogólne statystyki
  • Ten quiz został rozwiązany 75 razy
  • Średni wynik to 6 z 10
Statystyki odpowiedzi
Odpowiedź % Poprawnych
Irak
72%
Iran
72%
Cypr
65%
Peru
63%
Togo
63%
Laos
60%
Czad
58%
Oman
58%
Kuba
55%
Mali
51%
Nie znaleziono quizów pasujących do podanych kryteriów
Rozkład punktacji
Procent ludzi z każdym wynikiem
Percentyl według liczby udzielonych odpowiedzi
Twoja historia wyników
Nie rozwiązałeś tego quizu